Una mexicana en la guerra de España / (Record no. 198249)

MARC details
000 -LEADER
campo de control de longitud fija 01051nam a2200325 i 4500
001 - NÚMERO DE CONTROL
campo de control 198249
003 - IDENTIFICADOR DE NÚMERO DE CONTROL
campo de control ES-MaACL
005 - FECHA Y HORA DE LA ÚLTIMA TRANSACCIÓN
campo de control 20260423163828.0
007 - CAMPO FIJO DE DESCRIPCIÓN FÍSICA--INFORMACIÓN GENERAL
campo de control de longitud fija ta
008 - DATOS DE LONGITUD FIJA--INFORMACIÓN GENERAL
campo de control de longitud fija 260421s1964 mx ||||| |||| 001 1aspa d
040 ## - FUENTE DE CATALOGACIÓN
Centro catalogador/agencia de origen ES-MaACL
Lengua de catalogación spa
Centro/agencia transcriptor ES-MaACL
Normas de descripción rda
044 ## - CÓDIGO DEL PAÍS DE LA ENTIDAD EDITORA/PRODUCTORA
Código MARC del país mx
080 ## - NÚMERO DE LA CLASIFICACIÓN DECIMAL UNIVERSAL
Número de la Clasificación Decimal Universal 821.134.2(72)-31"19"
100 1# - ENTRADA PRINCIPAL--NOMBRE DE PERSONA
Relación aut
Nombre de persona O'Neill, Carlota
Término indicativo de función/relación Autor
9 (RLIN) 243014
245 14 - MENCIÓN DEL TÍTULO
Título Una mexicana en la guerra de España /
Mención de responsabilidad, etc. documento vivido y escrito por Carlota O'Neill
250 ## - MENCION DE EDICION
Mención de edición Primera edición, noviembre de 1964
264 #1 - PRODUCCIÓN, PUBLICACIÓN, DISTRIBUCIÓN, FABRICACIÓN Y COPYRIGHT
Producción, publicación, distribución, fabricación y copyright México D.F. :
Nombre del de productor, editor, distribuidor, fabricante La Prensa,
Fecha de producción, publicación, distribución, fabricación o copyright 1964
300 ## - DESCRIPCIÓN FÍSICA
Extensión 223 páginas ;
Dimensiones 18 cm
336 ## - TIPO DE CONTENIDO
Fuente rdacontent
Término de tipo de contenido Texto
337 ## - TIPO DE MEDIO
Fuente rdamedia
Nombre/término del tipo de medio sin mediación
338 ## - TIPO DE SOPORTE
Fuente rdacarrier
Nombre/término del tipo de soporte volumen
490 0# - MENCIÓN DE SERIE
Mención de serie Populibros ;
Designación de volumen o secuencia 61
500 ## - NOTA GENERAL
Nota general Registro provisional
500 ## - NOTA GENERAL
Nota general Índice
655 #4 - TERMINO DE INDIZACIÓN--GENERO/FORMA
Datos o término principal de género/forma Novelas autobiográficas
9 (RLIN) 175819
852 ## - LOCALIZACIÓN
Ubicación ES-MaACL
Ubicación en estantería Despachos-biblioteca
Número de control de estantería DB-130
Donativo/Legado Donación: Miguel Guedán
Encuadernación Encuadernación rústica
itemnumber 207219
942 ## - ELEMENTOS DE ENTRADA SECUNDARIOS (KOHA)
Tipo de ítem Koha Libro impreso
Suprimir en OPAC No
Holdings
Estatus retirado Estado de pérdida Fuente del sistema de clasificación o colocación Estado de daño No para préstamo Biblioteca de origen Biblioteca actual Ubicación en estantería Fecha de adquisición Fuente de adquisición Total de préstamos Signatura topográfica completa Código de barras Visto por última vez Precio de reemplazo Tipo de ítem Koha
    Clasificación decimal universal     Biblioteca del Ateneo de Madrid Biblioteca del Ateneo de Madrid Despachos-biblioteca 20/03/2026 Donación   DB-130 2026-0212 21/04/2026 21/04/2026 Libro impreso